00369 a2200121 4500245002600000700001900026650001500045005001700060260001300077084002900090300007800119500005000197 aBirthday partyhprint aJones, Brooks. aliterature20191017172057.0 axxc1966 aPN2093 .C64 1995 no. B66 a1 v. (theater program).b1 v. (theater program).c1 v. (theater program). aCenter Stage, February 19 thu March 13, 1966.